Pays sur le tropique du Cancer - Statistiques

Statistiques générales
  • Ce quiz a été pris 132 fois
    131 depuis la dernière actualisation
  • Le résultat moyen est 14 sur 18
Statistiques - réponses
Pays % Correct
Mexique
99%
Inde
96%
Egypte
94%
Algérie
93%
Maroc (Sahara Occidental)
93%
Arabie Saoudite
91%
Libye
84%
Chine
82%
Mali
78%
Mauritanie
78%
Tchad
77%
Niger
71%
Birmanie
69%
Bangladesh
65%
Oman
64%
Emirats Arabes Unis
53%
Taiwan
52%
Bahamas
49%
Aucun quiz correspondant
Distribution des résultats
% des personnes avec chaque résultat
Percentile par nombre de réponses
Votre historique - résultats
Vous n’avez pas pris ce quiz depuis la dernière actualisation